[Event "ROU-chT Men Superliga 2018"]
[Site "Sovata"]
[Date "2018.11.27"]
[Round "4"]
[White "Iordachescu, Viorel"]
[Black "Vajda, Levente"]
[Result "1/2-1/2"]
[WhiteElo "2597"]
[BlackElo "2547"]
[Annotator "TA"]
[PlyCount "108"]
[EventDate "2018.11.24"]
[EventType "team-tourn"]
[EventCountry "ROU"]
[SourceTitle "playchess.com"]
[Source "ChessBase"]
[SourceQuality "1"]

{[%evp 18,108,45,35,25,18,24,27,24,27,28,22,37,30,43,43,50,56,62,52,52,45,51,49,44,38,38,40,53,49,45,43,47,39,50,29,29,29,18,4,18,0,0,0,0,0,0,-4,-4,-4,-4,-4,-4,-4,0,0,0,0,0,0,0,0,0,0,0,0,0,0,0,0,0,0,0,0,0,0,0,0,0,0,0,0,0,0,0,0,0,0,0,0,0,0,0]} 1. d4 d5 2. c4 e6 3. Nf3 Nf6 4. Nc3 c6 5. Qb3 Be7 6. Bg5 Nbd7 7. e3 O-O 8. Be2 dxc4 9. Qxc4 Nd5 {D60: Queen's Gambit Declined: Classical: Unusual White 7th moves} 10. Bxe7 {LiveBook: 12 Games} Qxe7 11. O-O N5b6 12. Qd3 e5 13. Rfe1 $146 ({Predecessor:} 13. Rfd1 Re8 14. Qe4 exd4 15. Qxe7 Rxe7 16. Nxd4 Nf6 17. Nb3 Be6 18. Nc5 Nbd5 19. Rd3 Nxc3 20. Rxc3 Rd8 21. Rd3 Rxd3 22. Bxd3 Bc8 23. b4 g6 24. Rc1 {½-½ (24) Roiz,M (2659)-Malakhov,V (2689) Dagomys 2008}) 13... Re8 14. e4 exd4 15. Nxd4 Ne5 {[%cal Bd7e5,Be5g6,Bg6f4][%mdl 32]} 16. Qg3 Ng6 17. Rad1 Qf6 18. Bf1 h5 19. h3 {[%cal Bh2h3,Bh3h4][%mdl 32]} Qf4 20. Qxf4 Nxf4 21. h4 g6 22. b4 Re7 23. g3 Ne6 $1 24. Nb3 Nf8 25. f3 Be6 26. Nc5 Bc4 27. Rd4 Bxf1 28. Rxf1 {The position is equal.} a5 29. Rb1 Nbd7 30. Nxd7 ({Don't play} 30. Nxb7 Ne5 $17) 30... Rxd7 31. Rxd7 Nxd7 32. bxa5 $11 {[%mdl 4096] Endgame KRN-KRN} Nc5 33. Kf2 Rxa5 {Threatening ...Ra3.} 34. a4 $1 Ra8 35. Ke2 Rd8 36. Rb4 Kf8 37. Rc4 Nd3 38. Ke3 {Threatens to win with Rd4.} Ne5 39. Rd4 Ke7 40. Rxd8 Kxd8 {KN-KN} 41. f4 Ng4+ 42. Kd4 b6 43. Nd1 Kd7 44. Nb2 c5+ 45. Kd3 Kc6 46. Nc4 f6 47. e5 fxe5 48. fxe5 b5 49. axb5+ Kxb5 50. e6 {Black must now prevent e7.} Kc6 $1 51. Ke4 Nf6+ 52. Ke5 Ng4+ 53. Ke4 Nf6+ 54. Ke5 Ng4+ {Accuracy: White = 83%, Black = 87%.} 1/2-1/2

[Event "ROU-chT Men Superliga 2018"]
[Site "Sovata"]
[Date "2018.11.27"]
[Round "4"]
[White "Tarlev, Konstantin"]
[Black "Kuzubov, Yuriy"]
[Result "1/2-1/2"]
[WhiteElo "2557"]
[BlackElo "2660"]
[Annotator "TA"]
[PlyCount "51"]
[EventDate "2018.11.24"]
[EventType "team-tourn"]
[EventCountry "ROU"]
[SourceTitle "playchess.com"]
[Source "ChessBase"]
[SourceQuality "1"]

{[%evp 24,51,16,10,21,0,0,0,10,10,10,0,0,0,0,0,0,0,12,0,0,0,0,0,8,0,0,0,8,0]} 1. e4 e5 2. Nf3 Nf6 3. Nxe5 d6 4. Nf3 Nxe4 5. d4 d5 6. Bd3 Be7 7. O-O Bf5 8. Re1 Nc6 9. Nc3 Nxc3 {C42: Petroff Defence: 3 Nxe5 and unusual White 3rd moves} 10. bxc3 Bxd3 11. Qxd3 O-O 12. c4 (12. Re2 a6 13. Bf4 Qd7 14. Rae1 Rfe8 15. h4 h6 16. Qe3 b5 {½-½ (60) Nepomniachtchi,I (2757)-Giri,A (2782) Dortmund 2018}) 12... dxc4 13. Qxc4 {LiveBook: 7 Games. The position is equal.} Qd7 14. d5 $146 ({Predecessor:} 14. Rb1 Rad8 15. Bf4 b6 16. Rbd1 Bd6 17. Re4 {½-½ (28) Haugen,A (2440)-Schuster,P (2447) ICCF 2015}) 14... Nb4 15. Rb1 {aiming for Rxe7!} Nxd5 {[%cal Bb4d5,Bd5b6,Bb6c4][%mdl 32]} 16. Rxb7 Bd6 17. Rb3 Rfe8 18. Rxe8+ Rxe8 19. g3 Nb6 20. Qd3 Qc6 21. Bd2 h6 22. Nd4 Qd5 23. Nb5 Qxd3 24. Rxd3 Nc4 25. Kf1 Re5 26. Nxd6 {Accuracy: White = 56%, Black = 55%.} 1/2-1/2

[Event "ROU-chT Men Superliga 2018"]
[Site "Sovata"]
[Date "2018.11.27"]
[Round "4"]
[White "Marin, Mihail"]
[Black "Itkis, Boris"]
[Result "1-0"]
[WhiteElo "2555"]
[BlackElo "2325"]
[Annotator "TA"]
[PlyCount "65"]
[EventDate "2018.11.24"]
[EventType "team-tourn"]
[EventCountry "ROU"]
[SourceTitle "playchess.com"]
[Source "ChessBase"]
[SourceQuality "1"]

{[%evp 25,65,15,21,18,28,21,44,40,91,75,92,81,69,74,111,112,120,115,118,118,137,106,98,98,270,277,267,250,258,248,473,481,556,475,522,416,406,380,393,379,607,578]} 1. c4 e6 2. g3 d5 3. Bg2 Nf6 4. Nf3 Be7 5. O-O O-O 6. b3 b6 7. Bb2 Bb7 8. e3 c5 9. Nc3 Nc6 10. cxd5 Nxd5 11. Nxd5 Qxd5 12. d4 Na5 13. dxc5 {A14: English Opening: 1...e6 with b3 by White} Bxc5 {LiveBook: 5 Games} 14. Qe2 (14. Bc3 Be7 15. Qxd5 Bxd5 16. Bxa5 bxa5 17. Nd4 Bxg2 18. Kxg2 Rac8 19. Rac1 Bc5 20. Rc4 Bxd4 21. Rxd4 {½-½ (78) Leon Hoyos,M (2579)-Djukic,N (2523) Istanbul 2012}) 14... Rfd8 15. Rfd1 {White has an edge.} Qc6 16. Rac1 Qe8 (16... Rxd1+ $14 17. Qxd1 Qd6) 17. Bxg7 $146 ({Predecessor:} 17. Nd4 Bxg2 18. Kxg2 Nc6 19. Nb5 Rxd1 20. Rxd1 Rd8 {½-½ (39) Roe,S (2253)-Christiansen,A (2040) Helsingor 2017}) 17... Kxg7 {[#]} 18. b4 $1 {[%mdl 576] Decoy} Bxb4 19. Qb2+ {[%mdl 64] Double Attack} Kg8 {And now ...Qa4 would win.} 20. Qxb4 {Hoping for Qg4+.} Rxd1+ 21. Rxd1 Rd8 22. Qg4+ Kf8 23. Rxd8 Qxd8 24. Ng5 Bxg2 $2 (24... Qd3 $16 {was called for.}) 25. Nxh7+ $18 ({Much less strong is} 25. Kxg2 $6 Qd3 $16) 25... Ke7 {Strongly threatening ...Bc6.} 26. Qg5+ ({Resist} 26. Kxg2 $6 Qa8+ 27. Kg1 Qh8 $18) 26... Kd7 {White must now prevent ...Bc6.} 27. Nf6+ ({But not} 27. Kxg2 $6 Qxg5 28. Nxg5 f6 $16) 27... Kc7 $2 (27... Ke7) 28. Kxg2 Qd3 29. Qf4+ Kc8 30. Ne8 {[%csl Ge8][%cal Rf4c7]} Kd8 31. Qxf7 Qd5+ 32. Kh3 Nc6 $2 (32... Qd7 33. Qxd7+ Kxd7) 33. Ng7 {Accuracy: White = 90%, Black = 24%.} 1-0

[Event "ROU-chT Men Superliga 2018"]
[Site "Sovata"]
[Date "2018.11.27"]
[Round "4"]
[White "Georgescu, Tiberiu-Marian"]
[Black "David, Alexandru-Vasile"]
[Result "1-0"]
[WhiteElo "2505"]
[BlackElo "2426"]
[Annotator "TA"]
[PlyCount "119"]
[EventDate "2018.11.24"]
[EventType "team-tourn"]
[EventCountry "ROU"]
[SourceTitle "playchess.com"]
[Source "ChessBase"]
[SourceQuality "1"]

{[%evp 20,119,25,0,13,0,24,22,58,55,52,53,54,55,66,58,81,69,42,29,32,16,43,46,43,47,78,54,36,28,17,0,0,0,0,0,0,0,0,-54,0,0,0,0,0,0,0,0,0,0,48,-94,0,0,21,20,134,77,223,24,10,5,97,93,97,98,105,104,101,87,107,101,102,100,156,74,74,74,75,61,81,0,78,83,141,81,66,84,88,62,62,0,77,50,62,46,576,575,558,558,558,558]} 1. d4 Nf6 2. Nf3 d5 3. c4 e6 4. Nc3 dxc4 5. e3 a6 6. a4 b6 {D24: Queen's Gambit Accepted: 3 Nf3 Nf6 4 Nc3} 7. Bxc4 Bb7 8. O-O Bb4 9. Qe2 O-O 10. Rd1 Nbd7 11. Na2 {LiveBook: 4 Games} Bd6 12. Nc3 Bb4 13. Bd3 c5 14. Na2 $1 Ba5 15. e4 {[#]} Qe7 $146 ({Predecessor:} 15... Qc7 16. Bg5 {½-½ (49) Cramling,P (2518)-Wojtaszek,R (2723) Caleta 2013}) 16. Bg5 h6 17. Bh4 $1 {e5 is the strong threat.} e5 18. dxc5 (18. d5 {feels hotter.} g5 19. Bg3 Nh5 20. Qe3 Rad8 21. Nc3) 18... bxc5 ({Wrong is} 18... Nxc5 $2 19. Bxf6 Qxf6 20. b4 $18) ({Don't blunder} 18... Qxc5 $2 19. Rac1 $18) 19. Nd2 Bxd2 $1 20. Rxd2 Rfd8 {[%cal Bf8d8,Bd8d4,Bd4a4][%mdl 32]} 21. Nc3 Nf8 22. Bc4 Ng6 {aiming for ...Rxd2.} 23. Bxf6 Qxf6 24. g3 Rd4 25. Bd5 Rb8 26. Bxb7 Rxb7 27. Nd5 Qd6 28. Rc1 Rxa4 29. Ne3 (29. Rdc2 $11) 29... Qc6 ({Better is} 29... Rd4 $15 30. Rdc2 Rxe4) 30. Rd5 $11 Qb5 31. Qg4 Qxb2 32. Rdxc5 Ra1 33. Rxa1 Qxa1+ 34. Kg2 Rb6 {Threatens to win with ...Nf4+!} 35. Nf5 (35. h4 $14 {stays ahead.} Qe1 36. Rc8+ Kh7 37. h5) 35... Kh7 (35... Qe1 $1 $17 {Hoping for ...Rb1.} 36. Rc2 a5) 36. Qf3 Rb1 {( -> ...Rg1+)} 37. Ne3 $1 $36 {[%mdl 2048] White is more active.} Rg1+ (37... Rb7 $11 {keeps the balance.}) 38. Kh3 $16 {[%mdl 1024] White has strong compensation.} Qa2 (38... Rc1 $16 {is a better defense.} 39. Rxc1 Qxc1) 39. Rc7 $2 (39. Nd5 $1 $18 Rf1 40. Kg2) 39... Qe6+ $11 40. Qf5 Kg8 (40... Qxf5+ $1 $11 {remains equal.} 41. exf5 Nh8) 41. Rc8+ $1 $16 Kh7 42. Qxe6 fxe6 {[%mdl 4096] Endgame [#] KRN-KRN} 43. Re8 $1 Nh8 {and if ...Nf7 works, Black does fine.} 44. Kg4 Nf7 45. Rxe6 Rb1 46. h4 Rb2 (46... a5 $142) 47. Kf3 ({Don't take} 47. Rxa6 $6 Rxf2 48. Nc4 g6 $11) (47. f4 $142) 47... a5 48. Re7 Kg8 49. Re8+ Kh7 50. Re7 Kg8 51. Ra7 Rb5 {[#]} (51... Ra2 $142) 52. Nf5 ({White should try} 52. Kg4 $1) 52... h5 53. Kg2 {Black must now prevent Rxf7!} Rc5 54. Rb7 Rc2 55. Ra7 Rc5 $1 56. Ra8+ Kh7 57. Ra6 g5 $2 {[%mdl 8192]} ({Black should play} 57... Nd8 $14) 58. hxg5 $18 {[%mdl 64] Overworked Piece. White is clearly winning.} Nxg5 59. Rh6+ {[%mdl 64] Double Attack} Kg8 60. Rg6+ {[%mdl 64] Double Attack. Accuracy: White = 54%, Black = 47%.} 1-0

[Event "ROU-chT Men Superliga 2018"]
[Site "Sovata"]
[Date "2018.11.27"]
[Round "4"]
[White "Nanu, Costica-Ciprian"]
[Black "Szabo, Gergely-Andras-Gyul"]
[Result "1/2-1/2"]
[WhiteElo "2505"]
[BlackElo "2531"]
[Annotator "TA"]
[PlyCount "70"]
[EventDate "2018.11.24"]
[EventType "team-tourn"]
[EventCountry "ROU"]
[SourceTitle "playchess.com"]
[Source "ChessBase"]
[SourceQuality "1"]

{[%evp 20,70,0,0,24,0,0,0,56,48,35,41,54,20,26,7,26,12,15,27,32,27,66,8,8,15,34,5,12,0,29,18,20,21,17,16,17,0,14,10,51,62,118,85,109,87,91,86,93,73,29991,29992,29992]} 1. d4 e6 2. c4 Nf6 3. Nf3 d5 4. Nc3 Bb4 5. cxd5 exd5 6. Bg5 c5 7. e3 Nbd7 8. Be2 Qa5 9. O-O Bxc3 10. bxc3 c4 11. Qc2 {LiveBook: 57 Games} Ne4 {D38: Queen's Gambit Declined: Ragozin Defence (4 Nf3 Bb4)} 12. Rfc1 Nxg5 13. Nxg5 h6 ({Better is} 13... Nf6 $11) 14. Nf3 $14 O-O {[#]} 15. e4 $146 ({Predecessor:} 15. Nd2 Nb6 16. f3 Bd7 17. e4 Rae8 18. Rab1 Qa3 19. Rb4 {½-½ (37) Koneru,H (2598)-Hou,Y (2617) Jermuk 2012}) 15... dxe4 16. Qxe4 Nf6 17. Qb1 Be6 18. Ne5 Qc7 19. a4 Rab8 20. a5 Nd7 21. Nxd7 (21. Ng4 $14) 21... Qxd7 $11 22. Qb4 Rfc8 23. Re1 Bd5 24. Bf1 Rc7 25. Re5 Re8 26. Rae1 Rxe5 27. Rxe5 Qc6 28. f3 b6 29. Be2 Rb7 30. a6 $36 {[%mdl 2048] White fights for an advantage.} Rc7 ({Black should try} 30... Rb8 $1 $14) 31. Bd1 $16 {[#] Black must now prevent Ba4.} b5 32. Bc2 g6 33. Be4 Bxe4 34. fxe4 Qxa6 $2 {[%mdl 8192] [#]} (34... Kg7 $16) 35. Re8+ $1 Kh7 {[%mdl 32768] Accuracy: White = 60%, Black = 38%. . An unexpected result.} 1/2-1/2

[Event "ROU-chT Men Superliga 2018"]
[Site "Sovata"]
[Date "2018.11.27"]
[Round "4"]
[White "Ardelean, George-Catalin"]
[Black "Pop, Alexandru"]
[Result "1/2-1/2"]
[WhiteElo "2494"]
[BlackElo "2274"]
[Annotator "TA"]
[PlyCount "118"]
[EventDate "2018.11.24"]
[EventType "team-tourn"]
[EventCountry "ROU"]
[SourceTitle "playchess.com"]
[Source "ChessBase"]
[SourceQuality "1"]

{[%evp 9,118,21,9,-24,0,0,0,0,17,-11,0,-28,-20,-48,-39,-36,-45,-46,-49,-61,-41,-75,-32,-76,-24,-57,-25,-18,-32,-16,-27,-46,-66,-62,0,0,21,18,24,0,42,40,97,77,83,73,49,52,94,18,23,26,54,20,52,-83,-47,-45,-45,-196,-192,-197,-190,-181,-181,-187,-187,-187,-179,-272,-247,-251,-251,-251,-264,-313,-280,-297,-252,-262,-203,-244,-58,-300,-309,-309,-288,-299,-299,-249,-232,-575,0,0,0,0,0,0,0,0,0,0,0,0,0,0,0,0,0,0,0]} 1. d4 d5 2. Nc3 e6 3. Bf4 Bd6 4. e3 Nf6 5. Qf3 (5. Nf3 a6 6. Bd3 h6 7. O-O c5 8. dxc5 Bxc5 9. e4 dxe4 10. Nxe4 Nxe4 11. Bxe4 Qxd1 12. Rfxd1 {0-1 (49) Jobava,B (2673)-Rakhmanov,A (2640) Minsk 2015}) 5... O-O 6. Nge2 $146 {D00: 1 d4 d5: Unusual lines} ({Predecessor:} 6. g4 c5 7. g5 Ne4 8. Nxe4 dxe4 9. Qxe4 Bxf4 10. Qxf4 cxd4 11. exd4 e5 12. dxe5 {1-0 (33) Dilmukhametov,A (2353)-Sergeyev,A (2397) Sochi 2018}) 6... a6 7. g4 b5 8. g5 Nfd7 9. Qg3 Nb6 10. Bg2 b4 11. Nb1 a5 12. Nd2 Ba6 13. h4 N8d7 14. h5 Qe7 15. Rh4 Rfc8 16. e4 Bxe2 (16... Bxf4 $17 17. Qxf4 c5) 17. e5 Ba6 18. exd6 cxd6 19. Bxd6 Qe8 20. O-O-O Rc6 $1 21. Kb1 $1 Rac8 (21... Nc8 $1 $15 22. Bf4 Ne7) 22. Rc1 $36 {[%mdl 2048] White has good play.} Bd3 23. Qxd3 Rxd6 24. Qg3 Rdc6 25. Bf1 Nc4 (25... Qe7 $14) 26. Bxc4 dxc4 {[#]} 27. Ne4 $1 {[%cal Re4d6]} Qe7 28. Re1 Rb6 29. g6 ({White should try} 29. Rf4 $16) 29... fxg6 $1 30. hxg6 h6 31. Rf4 b3 32. Qc3 (32. cxb3 $14 {keeps the upper hand.} cxb3 33. axb3) 32... bxa2+ 33. Ka1 {aiming for Rf7.} Qb4 $1 34. Nc5 $2 (34. Rf7 $15 Nf8 35. d5 Qxc3 36. Nxc3) 34... Qxc3 $19 (34... Nxc5 35. dxc5 Qxc3 36. bxc3 $17) 35. bxc3 Nxc5 36. dxc5 {[#]} Rb1+ $1 {[%mdl 512]} 37. Rxb1 axb1=Q+ ({Don't take} 37... axb1=B 38. Kxb1 Rxc5 39. Re4 $17) 38. Kxb1 Rxc5 {[%mdl 4096] Endgame KR-KR} 39. Rd4 (39. Re4 {was worth a try.}) 39... Kf8 40. Rf4+ Rf5 41. Rxc4 Ke7 42. Rc8 Kf6 ({Less strong is} 42... Rxf2 43. Rc7+ Kd6 44. Rxg7 $15) 43. c4 Kxg6 44. c5 Rxf2 45. Kb2 Rf3 $2 (45... a4 $19 {...Rf3 is the strong threat.} 46. Kc3 Rf7) 46. Ra8 $2 ({White has to play} 46. c6 $1 $15) 46... Rf5 47. Rxa5 Kf6 48. Kb3 g5 49. Kb4 g4 50. c6 $2 {[#]} (50. Ra8 {was the crucial defense.} Ke5 51. Rd8) 50... Rxa5 $2 (50... Ke7 $1 $19 51. Ra7+ Kd8) 51. Kxa5 {And now c7 would win. K3P-KPP. The position is equal.} Ke7 {White must now prevent ...Kd8.} 52. Ka6 {Strongly threatening c7.} g3 $1 53. c7 g2 $1 ({Not} 53... Kd7 $2 54. Kb7 $18) 54. c8=Q g1=Q 55. Qc7+ Kf6 56. Qf4+ Kg7 {Threatens to win with ...Qa1+.} 57. Qe5+ Kf7 {Hoping for ...Qf1+.} 58. Qf4+ Kg7 59. Qe5+ Kf7 {Accuracy: White = 44%, Black = 60%.} 1/2-1/2

[Event "ROU-chT Men Superliga 2018"]
[Site "Sovata"]
[Date "2018.11.27"]
[Round "4"]
[White "Visakh N R"]
[Black "Erdos, Viktor"]
[Result "0-1"]
[WhiteElo "2489"]
[BlackElo "2604"]
[Annotator "TA"]
[PlyCount "67"]
[EventDate "2018.11.24"]
[EventType "team-tourn"]
[EventCountry "ROU"]
[SourceTitle "playchess.com"]
[Source "ChessBase"]
[SourceQuality "1"]

{[%evp 11,67,8,32,16,18,27,25,23,18,29,26,33,25,32,32,-68,-53,-60,-67,-76,-52,-68,-25,-94,-47,-87,-55,-62,-38,-45,-39,-43,-50,-70,-66,-129,-122,-120,-118,-244,-267,-280,-279,-281,-276,-581,-581,-581,-581,-581,-581,-581,-581,-581,-581,-570,-570,-510]} 1. d4 Nf6 2. c4 g6 3. Nc3 d5 4. Nf3 Bg7 5. Qb3 dxc4 6. Qxc4 Be6 7. Qb5+ {D96: Grünfeld: Russian System (5 Qb3): sidelines} (7. Qd3 c5 8. e4 cxd4 9. Nxd4 Bd7 10. f3 Nc6 11. Nxc6 Bxc6 12. Qxd8+ Rxd8 13. Be3 a6 14. Be2 O-O {0-1 (35) Morozevich,A (2665)-Vidit,S (2707) Malmo 2018}) 7... Bd7 8. Qxb7 Nc6 {White must now prevent ...Rb8.} 9. Qb3 {White has an edge.} Rb8 10. Qd1 Bf5 11. a3 O-O 12. e3 e5 13. d5 (13. Nxe5 $14 Nxe5 14. dxe5) 13... Na5 $146 {[%cal Ra5b3] And now ...Nb3 would win.} ({Predecessor:} 13... Ne7 14. Bc4 Ne4 15. Nxe4 Bxe4 {1-0 (108) Tin,J (2411)-Low,Z (2194) Ho Chi Minh City 2016}) 14. b4 e4 $1 {[%cal Re4f3]} 15. Nd4 Nxd5 16. Nxd5 Qxd5 17. Bb2 (17. bxa5 $11 {keeps the balance.} Bd7 18. Qc2) 17... Rfd8 18. Qc2 Bxd4 19. Bxd4 Nb3 20. Rd1 Nxd4 21. Rxd4 Qe5 $40 {[%mdl 128] Black mounts an attack.} 22. Qc3 {Strongly threatening Rxd8+.} Rxd4 23. exd4 {[#]} (23. Qxd4 $15 Qxd4 24. exd4) 23... Qf6 $1 $17 24. Be2 {[#]} c5 $1 {[%cal Rc5d4][%mdl 512]} 25. Qxc5 (25. Qg3 $17 Re8 26. Bb5) (25. bxc5 Rb1+) 25... Rc8 $19 26. Qe5 Rc1+ 27. Bd1 {[#]} Bg4 $1 {[%csl Gg4][%cal Rc1d1][%mdl 512]} 28. f3 $2 (28. Qe8+ {is more resistant.} Kg7 29. O-O Rxd1 30. Rxd1 Bxd1 31. Qxe4) 28... Qxe5 {Black is clearly winning.} 29. dxe5 exf3 {KRB-KRB} 30. g3 {[#]} f2+ $1 {[%mdl 512]} 31. Kxf2 Rxd1 (31... Bxd1 $2 32. Ke3 $19) 32. Rxd1 Bxd1 33. Ke3 Kf8 34. Kd4 {Accuracy: White = 31%, Black = 90%.} 0-1

[Event "ROU-chT Men Superliga 2018"]
[Site "Sovata"]
[Date "2018.11.27"]
[Round "4"]
[White "Gavrilescu, David"]
[Black "Nevednichy, Vladislav"]
[Result "0-1"]
[WhiteElo "2481"]
[BlackElo "2529"]
[Annotator "TA"]
[PlyCount "100"]
[EventDate "2018.11.24"]
[EventType "team-tourn"]
[EventCountry "ROU"]
[SourceTitle "playchess.com"]
[Source "ChessBase"]
[SourceQuality "1"]

{[%evp 23,100,29,36,18,22,24,25,20,15,0,0,0,0,29,19,-4,0,0,-9,-3,-8,-14,-21,-17,-14,-12,-12,-275,-268,-310,-310,-309,-302,-304,-302,-308,-313,-318,-289,-304,-273,-372,-372,-346,-349,-344,-322,-350,-374,-375,-374,-362,-334,-486,-480,-458,-339,-483,-488,-466,-460,-432,-415,-676,-666,-745,-695,-916,-747,-692,-691,-4806,-374,-4944,-547,-527,-520,-29977,-178]} 1. e4 c5 2. Nf3 d6 3. d4 cxd4 4. Nxd4 Nf6 5. Nc3 a6 6. g3 e6 7. Bg2 Qc7 8. O-O Be7 9. Nce2 O-O 10. b3 Nc6 11. c4 Bd7 12. Bd2 {B80: Sicilian Scheveningen: 6 g3 and 6 Be3, including English Attack} Rac8 {LiveBook: 5 Games} 13. Rc1 Qb8 14. a4 $146 {The position is equal.} ({Predecessor:} 14. Re1 Rfd8 15. Bc3 Be8 16. Rc2 b6 17. Qa1 Bd7 18. Rd2 Ne8 19. Kh1 Qc7 20. Nxc6 Bxc6 {½-½ (70) Vallejo Pons,F (2355)-Spraggett,K (2545) Zaragoza 1996}) 14... Rfe8 15. Re1 Bd8 16. Bc3 e5 17. Nf5 Bxf5 18. exf5 Bb6 19. h3 Rcd8 20. g4 d5 $1 $36 {[%cal Rd5c4][%mdl 2048] Black has good play.} 21. cxd5 Ne7 {[%cal Re7d5]} 22. Ng3 Nexd5 23. Qf3 Nxc3 24. Qxc3 h6 25. Qf3 $2 {[%mdl 8192]} (25. a5 $11 Bd4 26. Qc7) 25... Rd2 $19 {White must now prevent ...e4.} 26. Kh1 Bxf2 27. Re2 {[#]} Bxg3 $1 {[%mdl 512]} 28. Rxd2 (28. Qxg3 Rxe2) 28... e4 ({But not} 28... Bf4 29. Rdc2 $19) 29. Qc3 Bf4 {[%mdl 64] Skewer} 30. Re2 Bxc1 31. Qxc1 Qd6 32. Qe3 Rd8 33. Re1 Qb4 34. Bf1 Rd2 35. Rc1 Qd6 {[%csl Gd2][%cal Rd6h2]} 36. Be2 Rb2 37. g5 hxg5 38. Rc8+ (38. Qxg5 {only move.} Qb8 39. Rg1) 38... Kh7 39. Qxg5 {Threatens to win with Qh4+.} Qd2 40. Qh4+ (40. Qxd2 {is the only way for White.} Rxd2 41. Bc4) 40... Qh6 41. Qxh6+ Kxh6 {[%mdl 4096] Endgame KRB-KRN} 42. Bc4 e3 43. Kg1 (43. Rf8 $142 e2 44. Bxe2 Rxe2 45. Rxf7) 43... Kg5 44. Rc7 Kf4 45. Rxf7 e2 46. Bxe2 Rxe2 47. Rxg7 b6 $2 (47... Kf3 48. b4 Rb2) 48. Rb7 $2 (48. Rg2 Re3 {[%mdl 64] Double Attack} 49. b4) 48... Kg3 (48... Kf3 $142 {( -> ...Rg2+)} 49. Rxb6 Rg2+ 50. Kf1 Nd5) 49. Rg7+ Kf3 50. h4 (50. Rg6 $19 Ne4 51. Rc6) 50... Re1+ $2 {Accuracy: White = 36%, Black = 75%.} (50... Ng4 {mates} 51. Rxg4 Re1+ 52. Kh2 Kxg4 {[%mdl 64] Double Attack} 53. Kg2 Kxf5 54. Kh2 Rb1 55. h5 Rxb3 56. Kg2 b5 57. axb5 axb5 58. h6 Re3 59. h7 Re8 60. h8=Q Rxh8 61. Kf3 b4 62. Ke3 Rd8 63. Kf2 b3 64. Ke3 b2 65. Kf2 b1=Q 66. Kg3 Rd3+ 67. Kh2 Qc2+ 68. Kh1 Rd1#) 0-1